[Event "23.Schlosspark-Open"]
[Site "Wiesbaden"]
[Date "2011.08.25"]
[Round "1.33"]
[White "Specht, Christian"]
[Black "Kuhnigk, Thomas"]
[Result "1-0"]
[WhiteElo "2132"]
[BlackElo "1701"]
[PlyCount "53"]
[EventDate "2011.??.??"]
[WhiteTeam "SC Flörsheim 1921"]
[BlackTeam "SC Taunusstein 1966"]

1. e4 d5 2. exd5 Nf6 3. c4 e6 4. dxe6 Bxe6 5. Nf3 Bb4 6. a3 Bd6 7. d4 Qe7 8. c5
Bc4+ 9. Be2 Bxe2 10. Qxe2 Qxe2+ 11. Kxe2 Be7 12. Nc3 O-O 13. Re1 c6 14. Kf1 Re8
15. Bg5 Nbd7 16. Re2 h6 17. Bh4 g5 18. Bg3 Nh5 19. Rae1 Nxg3+ 20. hxg3 Kf8 21.
b4 a6 22. d5 Bf6 23. dxc6 Bxc3 24. cxd7 Rxe2 25. Rxe2 Rd8 26. Rc2 Bf6 27. c6
1-0

[Event "23.Schlosspark-Open"]
[Site "Wiesbaden"]
[Date "2011.08.25"]
[Round "1.34"]
[White "Beck, Andreas"]
[Black "Schmitt, Hans Walter"]
[Result "1/2-1/2"]
[WhiteElo "1700"]
[BlackElo "2130"]
[PlyCount "58"]
[EventDate "2011.??.??"]
[WhiteTeam "TSVG1900 Malschenberg"]
[BlackTeam "Chess Tigers SFV"]

1. e4 d5 2. exd5 Nf6 3. Nf3 Qxd5 4. Nc3 Qa5 5. d4 c6 6. Ne5 Be6 7. Bd2 Nbd7 8.
Nc4 Qc7 9. Qf3 Bg4 10. Bf4 Bxf3 11. Bxc7 Nd5 12. Nxd5 Bxd5 13. Ne3 Rc8 14. Bg3
Be4 15. f3 Bg6 16. Bc4 e6 17. Rd1 h5 18. h4 Be7 19. Bb3 b5 20. c3 O-O 21. O-O
a5 22. a4 Nb6 23. axb5 cxb5 24. d5 Bc5 25. Bf2 a4 26. Ba2 exd5 27. Nxd5 Nxd5
28. Rxd5 Bxf2+ 29. Rxf2 a3 1/2-1/2

[Event "23.Schlosspark-Open"]
[Site "Wiesbaden"]
[Date "2011.08.25"]
[Round "1.35"]
[White "Kaspereit, Holger"]
[Black "Hoffmann, Jörn"]
[Result "1-0"]
[WhiteElo "2124"]
[BlackElo "1686"]
[PlyCount "59"]
[EventDate "2011.??.??"]
[WhiteTeam "SK Ebringen"]
[BlackTeam "SC Taunusstein 1966"]

1. c4 c5 2. g3 Nc6 3. Bg2 g6 4. Nc3 Bg7 5. a3 Nf6 6. e4 d6 7. Nge2 O-O 8. d3
Be6 9. O-O Qc8 10. Rb1 Bh3 11. b4 Bxg2 12. Kxg2 b6 13. h3 Nd7 14. f4 f5 15.
exf5 Rxf5 16. g4 Rf8 17. Ne4 Nf6 18. Ng5 h6 19. Nf3 Nh7 20. b5 Nd8 21. Ng3 Rf7
22. Qe2 Qe6 23. Qe4 Qxe4 24. dxe4 Ne6 25. f5 Nef8 26. Bb2 Bxb2 27. Rxb2 g5 28.
e5 dxe5 29. Nxe5 Rf6 30. Ne4 1-0

[Event "23.Schlosspark-Open"]
[Site "Wiesbaden"]
[Date "2011.08.25"]
[Round "1.36"]
[White "Künitz, Klaus"]
[Black "Goloborodko, Dmitro"]
[Result "0-1"]
[WhiteElo "1684"]
[BlackElo "2123"]
[PlyCount "35"]
[EventDate "2011.??.??"]
[WhiteTeam "TSV Schott Mainz"]
[BlackTeam "SG Turm Idstein"]

1. d4 d5 2. c4 c6 3. cxd5 cxd5 4. Nf3 Nc6 5. Nc3 Nf6 6. Ne5 e6 7. Bg5 Qb6 8.
Nxc6 bxc6 9. Na4 Qb4+ 10. Bd2 Qxd4 11. e3 Qh4 12. Rc1 Ne4 13. g3 Qf6 14. f4 Bd7
15. Bg2 Qg6 16. O-O h5 17. Bxe4 Qxe4 18. Qe2 0-1

[Event "23.Schlosspark-Open"]
[Site "Wiesbaden"]
[Date "2011.08.25"]
[Round "1.37"]
[White "Cofman, Veaceslav"]
[Black "Schünemann, Robert"]
[Result "1-0"]
[WhiteElo "1990"]
[BlackElo "1649"]
[PlyCount "81"]
[EventDate "2011.??.??"]
[WhiteTeam "Karlsruher SF 1853"]
[BlackTeam "SV Saarbrücken 1970"]

1. d4 d5 2. c4 e6 3. Nc3 Nf6 4. Bg5 Nbd7 5. e3 c6 6. cxd5 exd5 7. Nf3 Be7 8.
Qc2 c5 9. dxc5 Nxc5 10. Bxf6 Bxf6 11. Rd1 Bxc3+ 12. Qxc3 Ne6 13. Bb5+ Kf8 14.
Qb4+ Qe7 15. Qxe7+ Kxe7 16. Rxd5 Nc7 17. Re5+ Kf6 18. Rc5 Nxb5 19. Rxb5 Be6 20.
b3 Rac8 21. O-O Rc7 22. h3 Rd8 23. Rb4 Rd3 24. Rd4 Rdc3 25. Rf4+ Ke7 26. Nd4
R7c5 27. Rd1 Ra5 28. Rd2 Rc1+ 29. Kh2 Rd5 30. a4 Rb1 31. Rc2 Kd7 32. Nxe6 Kxe6
33. Rc7 Rxb3 34. Rfxf7 Ra5 35. Rxg7 Rxa4 36. Rxb7 Rba3 37. Rxh7 a5 38. Rb5 Kd6
39. Rh6+ Kc7 40. Rg5 Rd3 41. Ra6 1-0

[Event "23.Schlosspark-Open"]
[Site "Wiesbaden"]
[Date "2011.08.25"]
[Round "1.38"]
[White "Steimbach, Isabel"]
[Black "Syed, Tareq"]
[Result "1/2-1/2"]
[WhiteElo "1561"]
[BlackElo "2112"]
[PlyCount "82"]
[EventDate "2011.??.??"]
[WhiteTeam "OSG Baden-Baden"]
[BlackTeam "SC Brett vor'm Kopp Ffm"]

1. e4 c6 2. d4 Na6 3. c3 Nc7 4. Bd3 g6 5. Bf4 d6 6. Qb3 Nh6 7. Be2 f6 8. Nf3
Nf7 9. O-O e6 10. e5 fxe5 11. dxe5 d5 12. Rd1 Bg7 13. c4 O-O 14. Nc3 Qe7 15.
Rac1 g5 16. Bg3 g4 17. Bh4 Qe8 18. Ng5 Nxg5 19. Bxg5 Bxe5 20. Be3 Qg6 21. Qc2
Qxc2 22. Rxc2 h5 23. Bc5 Rf7 24. Re1 b6 25. Ba3 Bd4 26. Bd3 Kg7 27. Nd1 c5 28.
Ne3 Bd7 29. b3 Raf8 30. Bb2 Bxb2 31. Rxb2 d4 32. Nd1 Kf6 33. Rbe2 Na6 34. a3
Nb8 35. Re5 Rh8 36. Nb2 Nc6 37. R5e2 e5 38. Be4 Re7 39. f3 gxf3 40. Bxf3 Rg7
41. Rf2 Ke7 1/2-1/2

[Event "23.Schlosspark-Open"]
[Site "Wiesbaden"]
[Date "2011.08.25"]
[Round "1.39"]
[White "Minz, Michail"]
[Black "Hess, Max"]
[Result "1-0"]
[WhiteElo "2107"]
[BlackElo "1645"]
[PlyCount "55"]
[EventDate "2011.??.??"]
[WhiteTeam "SK Gau-Algesheim"]
[BlackTeam "Post-SV Memmingen"]

1. e4 c5 2. Nc3 Nc6 3. g3 g6 4. Bg2 Bg7 5. d3 e6 6. Be3 d6 7. Qd2 Qa5 8. Nf3
Bd7 9. O-O Nge7 10. Bh6 O-O 11. Bxg7 Kxg7 12. h4 Rad8 13. h5 gxh5 14. Qg5+ Ng6
15. Qxh5 c4 16. Qxa5 Nxa5 17. d4 e5 18. dxe5 dxe5 19. Rad1 Bc6 20. Nd5 f5 21.
Ng5 Bxd5 22. exd5 Rd6 23. Ne6+ Rxe6 24. dxe6 Kf6 25. Rd7 Kxe6 26. Rfd1 f4 27.
Be4 Ne7 28. R1d6+ 1-0

[Event "23.Schlosspark-Open"]
[Site "Wiesbaden"]
[Date "2011.08.25"]
[Round "1.40"]
[White "Bykov, Vyacheslav"]
[Black "Will, Patrick"]
[Result "0-1"]
[WhiteElo "1614"]
[BlackElo "2021"]
[PlyCount "98"]
[EventDate "2011.??.??"]
[WhiteTeam "Wiesbadener SV 1885"]
[BlackTeam "SC Bad Nauheim"]

1. d4 Nf6 2. c4 g6 3. Nc3 Bg7 4. e4 d6 5. Nf3 O-O 6. Be2 e5 7. O-O Nc6 8. d5
Ne7 9. b4 Nd7 10. Ba3 f5 11. c5 Nf6 12. cxd6 cxd6 13. Ng5 h6 14. Ne6 Bxe6 15.
dxe6 Rc8 16. Qb3 fxe4 17. Rad1 d5 18. Rd2 d4 19. Rfd1 Kh7 20. b5 Re8 21. Na4 b6
22. Nb2 Ned5 23. e7 Qd7 24. Nc4 e3 25. fxe3 Ne4 26. Rd3 Qe6 27. exd4 Nf4 28. d5
Nxe2+ 29. Kf1 Qg4 30. d6 Nf4 31. R3d2 Nxd2+ 32. Rxd2 Qd7 33. Bb2 Rc5 34. Ba3
Rxb5 35. Qf3 Rb1+ 36. Kf2 b5 37. Qe4 bxc4 38. Qxb1 Rxe7 39. Qb4 Rf7 40. Qxc4
Ne6+ 41. Kg1 Nd4 42. h3 Qf5 43. Bc5 Rd7 44. Qa4 Qe6 45. a3 Bf8 46. Bxd4 exd4
47. Rxd4 Qe1+ 48. Kh2 Bxd6+ 49. Rxd6 Qe5+ 0-1

[Event "23.Schlosspark-Open"]
[Site "Wiesbaden"]
[Date "2011.08.25"]
[Round "1.41"]
[White "Freundlieb, Thomas"]
[Black "Köllmer, Hans"]
[Result "1-0"]
[WhiteElo "2095"]
[BlackElo "1604"]
[PlyCount "97"]
[EventDate "2011.??.??"]
[WhiteTeam "SV Bergneustadt/Dersch"]
[BlackTeam "Sfr.Heidesheim"]

1. d4 Nf6 2. Nf3 g6 3. Bg5 Bg7 4. Nbd2 O-O 5. c3 d5 6. e3 Nbd7 7. b4 Re8 8. Be2
e5 9. O-O e4 10. Ne1 Nf8 11. c4 c6 12. a4 Ne6 13. Bxf6 Bxf6 14. Nc2 Bg7 15. b5
f5 16. cxd5 cxd5 17. Nb4 f4 18. Qb3 Qg5 19. Nxd5 f3 20. Bxf3 exf3 21. Nxf3 Qd8
22. Rac1 Kh8 23. Ne5 Bxe5 24. dxe5 b6 25. Rfd1 Nc5 26. Qc3 Be6 27. Nxb6 Qxb6
28. Qxc5 Qxc5 29. Rxc5 Bb3 30. Rd4 Red8 31. a5 Rac8 32. Rxd8+ Rxd8 33. f3 Rd7
34. b6 axb6 35. axb6 Bd5 36. Kf2 Kg7 37. e4 Be6 38. Ke3 Kf7 39. g4 g5 40. Rb5
Rb7 41. Kd4 Ke7 42. Kc5 h6 43. Ra5 Bc8 44. Kc6 Ke6 45. Ra7 Rxb6+ 46. Kxb6 Kxe5
47. Kc5 Bxg4 48. fxg4 Kxe4 49. Rf7 1-0

[Event "23.Schlosspark-Open"]
[Site "Wiesbaden"]
[Date "2011.08.25"]
[Round "1.42"]
[White "Shayegi, Mikal"]
[Black "Schwarz, Eduard"]
[Result "0-1"]
[WhiteElo "1596"]
[BlackElo "2088"]
[PlyCount "140"]
[EventDate "2011.??.??"]
[WhiteTeam "vereinslos"]
[BlackTeam "SG Turm Idstein"]

1. c4 e5 2. e3 Nf6 3. d3 Nc6 4. a3 d5 5. cxd5 Nxd5 6. Nf3 Be7 7. Qc2 O-O 8. b4
Bf6 9. Bb2 e4 10. dxe4 Bxb2 11. Qxb2 Qf6 12. Qxf6 Nxf6 13. Nc3 Bg4 14. Be2 Rfe8
15. Nd2 Rad8 16. f3 Be6 17. O-O-O Ne5 18. Kc2 c5 19. bxc5 Rc8 20. Nb3 Bxb3+ 21.
Kxb3 Rxc5 22. Nd5 Ned7 23. Nxf6+ Nxf6 24. Rc1 Rec8 25. Rxc5 Rxc5 26. Rd1 Kf8
27. Rd4 Rh5 28. h3 Ke7 29. Kb4 a5+ 30. Kb3 Re5 31. a4 h5 32. g4 Nd7 33. Rd5
Rxd5 34. exd5 hxg4 35. hxg4 Nc5+ 36. Ka3 Kd6 37. e4 g5 38. Bb5 b6 39. Kb2 Ke5
40. Kc3 Nb7 41. Kd3 Kf4 42. Kd4 f6 43. Be2 Nd6 44. Ba6 Nf7 45. Be2 Nd6 46. Ba6
Nf7 47. d6 Nxd6 48. Kd5 Nf7 49. Ke6 Ne5 50. Be2 Nxf3 51. Bxf3 Kxf3 52. Kxf6
Kxe4 53. Kxg5 Ke5 54. Kg6 b5 55. axb5 a4 56. b6 Kd6 57. b7 Kc7 58. Kh7 a3 59.
g5 a2 60. g6 a1=Q 61. g7 Qh1+ 62. Kg6 Qg2+ 63. Kh7 Qe4+ 64. Kh8 Qh4+ 65. Kg8
Kxb7 66. Kf7 Qh7 67. Kf8 Qf5+ 68. Kg8 Kc7 69. Kh8 Qh5+ 70. Kg8 Kd7 0-1

[Event "23.Schlosspark-Open"]
[Site "Wiesbaden"]
[Date "2011.08.25"]
[Round "1.43"]
[White "Kolker, Vladislav"]
[Black "Grötzinger, Waldemar"]
[Result "1-0"]
[WhiteElo "2086"]
[BlackElo "1592"]
[PlyCount "41"]
[EventDate "2011.??.??"]
[WhiteTeam "Sfr.1891 Friedberg"]
[BlackTeam "Sfr. Frankfurt 1921"]

1. e4 d6 2. d4 Nf6 3. Nc3 g6 4. Be3 Bg7 5. Qd2 O-O 6. f3 Nbd7 7. g4 c5 8. Nge2
a6 9. O-O-O Qc7 10. h4 b5 11. h5 Bb7 12. Bh6 Rad8 13. Bxg7 Kxg7 14. hxg6 fxg6
15. Qh6+ Kg8 16. Nf4 Rf7 17. Nxg6 cxd4 18. Rxd4 Qc5 19. Rd2 Rc8 20. g5 Ne8 21.
Bh3 1-0

[Event "23.Schlosspark-Open"]
[Site "Wiesbaden"]
[Date "2011.08.25"]
[Round "1.44"]
[White "Wagner, Günter"]
[Black "Hehn, Hartmut"]
[Result "0-1"]
[WhiteElo "1588"]
[BlackElo "2080"]
[PlyCount "82"]
[EventDate "2011.??.??"]
[WhiteTeam "SV 1946 Groß-Gerau"]
[BlackTeam "SV Ebersbach"]

1. Nf3 f5 2. g3 Nf6 3. Bg2 g6 4. O-O Bg7 5. d4 d6 6. c3 c6 7. Bf4 Qb6 8. Qb3
Nbd7 9. Nbd2 Nd5 10. e3 Qxb3 11. axb3 e5 12. Nc4 exf4 13. Nxd6+ Ke7 14. Nxc8+
Rhxc8 15. exf4 h6 16. Rfe1+ Kf7 17. Ne5+ Nxe5 18. fxe5 Rd8 19. Ra5 Nc7 20. Rea1
a6 21. f4 Rd7 22. Kf2 g5 23. Re1 Ke6 24. fxg5 hxg5 25. Ke3 Rh8 26. h3 Bh6 27.
Kf2 Rf8 28. Raa1 f4 29. g4 Nd5 30. Bxd5+ Rxd5 31. b4 Rfd8 32. Kf3 Bf8 33. Ra4
Be7 34. Ke4 R8d7 35. Kf3 Bd8 36. Rea1 Rh7 37. Rh1 Bb6 38. Ke4 Rd8 39. Kf3 Bxd4
40. Raa1 Be3 41. Ke4 Rd5 0-1

[Event "23.Schlosspark-Open"]
[Site "Wiesbaden"]
[Date "2011.08.25"]
[Round "1.45"]
[White "Busche, Stefan"]
[Black "Pogosian, Norair"]
[Result "1-0"]
[WhiteElo "2079"]
[BlackElo "1586"]
[PlyCount "73"]
[EventDate "2011.??.??"]
[WhiteTeam "SV Saarbrücken 1970"]
[BlackTeam "CE Strassbourg"]

1. e4 e5 2. Nf3 Nc6 3. Bb5 a6 4. Ba4 Nf6 5. O-O Be7 6. Re1 b5 7. Bb3 O-O 8. d3
d5 9. exd5 Nxd5 10. Nxe5 Nxe5 11. Rxe5 c6 12. g3 Bd6 13. Re1 Nf6 14. Nc3 Bg4
15. f3 Bh3 16. Be3 Qc7 17. Bf2 b4 18. Ne4 Nxe4 19. dxe4 Rad8 20. Qe2 Rfe8 21.
Rad1 Kh8 22. Qxa6 c5 23. Ba4 Re6 24. Qc6 Qe7 25. Qb5 Rb8 26. Qe2 h5 27. Bb3 Rg6
28. Rd5 h4 29. Rh5+ Kg8 30. g4 Rh6 31. Bxh4 Qc7 32. Rxh6 gxh6 33. e5 Be7 34.
Bg3 Qb6 35. Qc4 Qg6 36. e6 Rf8 37. exf7+ 1-0

[Event "23.Schlosspark-Open"]
[Site "Wiesbaden"]
[Date "2011.08.25"]
[Round "1.46"]
[White "Giesau, Bernhard"]
[Black "Martin T., Milan"]
[Result "0-1"]
[WhiteElo "1584"]
[BlackElo "2076"]
[PlyCount "156"]
[EventDate "2011.??.??"]
[WhiteTeam "SK Gau-Algesheim"]
[BlackTeam "vereinslos"]

1. c4 Nf6 2. g3 g6 3. Bg2 Bg7 4. Nc3 O-O 5. d4 c5 6. e3 cxd4 7. exd4 d6 8. Nge2
Nc6 9. O-O Bf5 10. a3 Qd7 11. Re1 Rac8 12. b3 Rfe8 13. f3 d5 14. c5 e5 15. dxe5
Nxe5 16. Nd4 Nd3 17. Re3 Nxc1 18. Rxe8+ Nxe8 19. Rxc1 Rxc5 20. Nce2 Rxc1 21.
Qxc1 Bd3 22. Qe3 Ba6 23. Nc3 Nc7 24. f4 Ne6 25. Bh3 Bxd4 26. Qxd4 Nxd4 27. Bxd7
Ne2+ 28. Nxe2 Bxe2 29. Kf2 Bd1 30. b4 Kf8 31. Ke3 Ke7 32. Bc8 b6 33. Kd4 Kd6
34. Ba6 Ba4 35. Be2 Bd7 36. Bf3 Be6 37. g4 f6 38. h4 h6 39. g5 hxg5 40. hxg5
fxg5 41. fxg5 Bf7 42. Be2 Be8 43. Bf3 Bc6 44. Be2 Bd7 45. Bf3 Be6 46. Bg2 Bf7
47. Bf3 Kc6 48. Bg4 a5 49. Be2 axb4 50. axb4 Kd6 51. Bf3 Be6 52. Bg2 Bg8 53.
Bf3 Kc6 54. Be2 Be6 55. Ke5 Bf5 56. Kd4 Kd6 57. Bb5 Ke6 58. Bf1 Be4 59. Bh3+
Kd6 60. Bg4 Bg2 61. Be2 Bh3 62. Bd3 Bf5 63. Be2 Ke6 64. Bf3 Be4 65. Bg4+ Bf5
66. Bf3 Bh3 67. Bxd5+ Kf5 68. Ke3 Kxg5 69. Bf7 Bd7 70. Ke4 Kf6 71. Bb3 Bf5+ 72.
Kd4 g5 73. Bd1 Ke6 74. Kc4 Kd6 75. Kb5 Kc7 76. Be2 g4 77. Kc4 g3 78. Bf3 Bh3
0-1

[Event "23.Schlosspark-Open"]
[Site "Wiesbaden"]
[Date "2011.08.25"]
[Round "1.47"]
[White "Bösch, Udo"]
[Black "Neuhoff, Ulrich"]
[Result "1-0"]
[WhiteElo "2071"]
[BlackElo "1582"]
[PlyCount "51"]
[EventDate "2011.??.??"]
[WhiteTeam "SK Ebringen"]
[BlackTeam "SK Bad Homburg 1927"]

1. c4 e6 2. g3 Nf6 3. Bg2 g6 4. Nc3 Bg7 5. d3 O-O 6. Rb1 c6 7. Nf3 d5 8. b3 b6
9. e3 Bb7 10. O-O Nbd7 11. Bb2 Qc7 12. Rc1 dxc4 13. bxc4 Rad8 14. Qc2 Qb8 15.
Rfd1 Qa8 16. a4 Rc8 17. e4 b5 18. axb5 cxb5 19. cxb5 Nb6 20. Qb3 Rfd8 21. Ra1
Ng4 22. Ne2 Nf6 23. Ng5 h6 24. Nxe6 fxe6 25. Qxe6+ Kh7 26. Bxf6 1-0

[Event "23.Schlosspark-Open"]
[Site "Wiesbaden"]
[Date "2011.08.25"]
[Round "1.48"]
[White "Dyga, Ryszard"]
[Black "Reinert, Stéphane"]
[Result "0-1"]
[WhiteElo "1580"]
[BlackElo "2070"]
[PlyCount "102"]
[EventDate "2011.??.??"]
[WhiteTeam "SV 1920 Hofheim"]
[BlackTeam "SC Bad Nauheim"]

1. e4 Nc6 2. d4 e5 3. Nf3 exd4 4. Nxd4 Qh4 5. Nxc6 Qxe4+ 6. Qe2 Qxe2+ 7. Bxe2
bxc6 8. Bf4 d6 9. Bf3 Ne7 10. O-O Rb8 11. b3 Nd5 12. Bd2 Be6 13. Nc3 Be7 14.
Ne4 O-O 15. c4 Nb4 16. Ng5 Bf5 17. Bxb4 Rxb4 18. Be4 Bxe4 19. Nxe4 f5 20. Nc3
Bf6 21. Rac1 Re8 22. Rfd1 Kf7 23. Kf1 Re5 24. Ne2 Ra5 25. Rc2 Ra3 26. Nd4 Bxd4
27. Rxd4 a5 28. Rcd2 a4 29. bxa4 Rbxa4 30. c5 Rxd4 31. Rxd4 d5 32. Rd2 Rc3 33.
Rb2 Rxc5 34. Rb7 Rc2 35. Rxc7+ Kf6 36. a4 c5 37. a5 c4 38. a6 Ra2 39. Rc6+ Ke5
40. g3 g5 41. h4 gxh4 42. gxh4 Kd4 43. Rf6 Kd3 44. Rxf5 Ra1+ 45. Kg2 d4 46. Rf7
Rxa6 47. Rxh7 Rc6 48. Ra7 c3 49. Ra3 Kd2 50. Ra2+ c2 51. f4 Kd1 0-1

[Event "23.Schlosspark-Open"]
[Site "Wiesbaden"]
[Date "2011.08.25"]
[Round "1.49"]
[White "Will, Dominik"]
[Black "Lorenz, Hermann"]
[Result "1-0"]
[WhiteElo "2040"]
[BlackElo "1580"]
[PlyCount "47"]
[EventDate "2011.??.??"]
[WhiteTeam "SC Bad Nauheim"]
[BlackTeam "Sfr.Mainz 1928"]

1. e4 d6 2. d4 Nf6 3. Nc3 g6 4. f4 Bg7 5. Nf3 O-O 6. Bd3 c5 7. dxc5 dxc5 8. e5
Nd5 9. Nxd5 Qxd5 10. Qe2 Nc6 11. Be4 Qd8 12. c3 Qc7 13. O-O Bg4 14. h3 Be6 15.
Be3 b6 16. b4 Rfd8 17. Rfd1 Rxd1+ 18. Rxd1 Rc8 19. a3 cxb4 20. cxb4 Nb8 21. Qd2
f5 22. Bd5 Bxd5 23. Qxd5+ e6 24. Qxe6+ 1-0

[Event "23.Schlosspark-Open"]
[Site "Wiesbaden"]
[Date "2011.08.25"]
[Round "1.50"]
[White "van Bömmel, Philipp"]
[Black "Klyszcz, Michael"]
[Result "0-1"]
[WhiteElo "1577"]
[BlackElo "2064"]
[PlyCount "46"]
[EventDate "2011.??.??"]
[WhiteTeam "SC 1979 Hattersheim"]
[BlackTeam "SG 1871 Löberitz"]

1. c4 g6 2. Nc3 Bg7 3. g3 Nf6 4. Bg2 O-O 5. Nf3 d5 6. cxd5 Nxd5 7. d4 c5 8. e3
Nc6 9. O-O Nxc3 10. bxc3 Qc7 11. Qe2 Rd8 12. Ba3 cxd4 13. cxd4 Qa5 14. Bb2 Qh5
15. Rfc1 Bg4 16. Rc5 e5 17. e4 Nxd4 18. Bxd4 Rxd4 19. Rac1 Rd7 20. Rc8+ Rxc8
21. Rxc8+ Bf8 22. Rc1 Qh6 23. Rc3 b6 0-1

[Event "23.Schlosspark-Open"]
[Site "Wiesbaden"]
[Date "2011.08.25"]
[Round "1.51"]
[White "Müller, Lutz"]
[Black "Sommer, Norbert"]
[Result "1-0"]
[WhiteElo "2064"]
[BlackElo "1562"]
[PlyCount "91"]
[EventDate "2011.??.??"]
[WhiteTeam "Sfr.Mainz 1928"]
[BlackTeam "SF 1876 Göppingen"]

1. d4 Nf6 2. Nf3 g6 3. g3 Bg7 4. Bg2 O-O 5. O-O d6 6. c4 Nbd7 7. Nc3 e5 8. e4
exd4 9. Nxd4 Re8 10. Re1 a6 11. h3 Rb8 12. Be3 Ne5 13. Qe2 Bd7 14. f4 Nc6 15.
Rad1 Kh8 16. Qf2 Nxd4 17. Bxd4 Be6 18. c5 dxc5 19. Bxc5 Qc8 20. e5 Ng8 21. Kh2
b6 22. Be3 Ne7 23. b3 Rd8 24. g4 Rxd1 25. Rxd1 Qe8 26. Qf1 Rd8 27. Qxa6 Rxd1
28. Nxd1 h5 29. gxh5 Bf5 30. Qe2 Qd7 31. Nf2 Kg8 32. Ne4 Kf8 33. hxg6 Bxg6 34.
Nf6 Bxf6 35. exf6 Nf5 36. Bf2 Qd6 37. Qe5 Qxe5 38. fxe5 Ke8 39. Bc6+ Kd8 40. a4
Bh5 41. b4 Be2 42. a5 bxa5 43. bxa5 Nd6 44. exd6 cxd6 45. Bb6+ Kc8 46. Bd5 1-0

[Event "23.Schlosspark-Open"]
[Site "Wiesbaden"]
[Date "2011.08.25"]
[Round "1.52"]
[White "Happel, Jürgen"]
[Black "Menning, Uwe"]
[Result "0-1"]
[WhiteElo "1534"]
[BlackElo "2059"]
[PlyCount "94"]
[EventDate "2011.??.??"]
[WhiteTeam "SV 1920 Hofheim"]
[BlackTeam "SC Taunusstein 1966"]

1. d4 d5 2. Nf3 Nf6 3. c4 e6 4. Nc3 Be7 5. e3 O-O 6. cxd5 Nxd5 7. Bd2 b6 8. Be2
Bb7 9. a3 c5 10. dxc5 Bxc5 11. O-O Nd7 12. Nxd5 Bxd5 13. Bc3 Qe7 14. Rc1 Rfd8
15. Qc2 Rac8 16. Qb1 Nf6 17. b4 Bd6 18. Ba1 Qb7 19. Bxf6 gxf6 20. Rxc8 Rxc8 21.
Rc1 Rd8 22. Qb2 Qe7 23. Nd2 a5 24. Nc4 Bxc4 25. Rxc4 axb4 26. axb4 Be5 27. Qc2
Bd6 28. Rh4 f5 29. Qc4 b5 30. Qd4 e5 31. Rg4+ fxg4 32. Qxg4+ Kf8 33. Bxb5 Bxb4
34. Qh5 Qf6 35. g3 Rd2 36. f4 exf4 37. gxf4 Qg7+ 38. Qg5 h6 39. Qxg7+ Kxg7 40.
Bc6 Bc5 41. h3 Bxe3+ 42. Kf1 Bxf4 43. Bf3 Bg3 44. Bg4 f5 45. Be2 f4 46. Bb5 f3
47. Ba6 Rd1# 0-1

[Event "23.Schlosspark-Open"]
[Site "Wiesbaden"]
[Date "2011.08.25"]
[Round "1.53"]
[White "Glinzer, Christoph"]
[Black "Maleski, Heinz"]
[Result "1-0"]
[WhiteElo "2058"]
[BlackElo "1506"]
[PlyCount "32"]
[EventDate "2011.??.??"]
[WhiteTeam "SC Alzenau"]
[BlackTeam "SC Budenheim"]

1. e4 c5 2. Nc3 Nc6 3. Bb5 g6 4. Bxc6 bxc6 5. f4 Bg7 6. Nf3 e6 7. e5 Ne7 8. Ne4
Nd5 9. Nd6+ Kf8 10. Ng5 f6 11. Ngf7 Qe7 12. O-O f5 13. c4 Nxf4 14. d4 cxd4 15.
Bxf4 h6 16. Nxh8 g5 1-0

[Event "23.Schlosspark-Open"]
[Site "Wiesbaden"]
[Date "2011.08.25"]
[Round "1.54"]
[White "Sommer, Konstantin"]
[Black "Brechlin, Olaf"]
[Result "0-1"]
[WhiteElo "1494"]
[BlackElo "2050"]
[PlyCount "50"]
[EventDate "2011.??.??"]
[WhiteTeam "SF 1876 Göppingen"]
[BlackTeam "SC Hoyerswerda"]

1. d4 d5 2. Nf3 Nf6 3. e3 Bg4 4. Bd3 Nbd7 5. h3 Bh5 6. Nbd2 e6 7. c3 Be7 8. e4
dxe4 9. Nxe4 Bg6 10. Nxf6+ Bxf6 11. Bxg6 hxg6 12. Bf4 g5 13. Be5 g4 14. Bxf6
Qxf6 15. Ng1 Qg6 16. h4 Qe4+ 17. Kf1 O-O-O 18. Qe2 Qf5 19. Rc1 Nf6 20. f3 Nh5
21. Kf2 Nf4 22. fxg4 Nh3+ 23. Kg3 Qf4+ 24. Kxh3 Rxh4+ 25. Kxh4 Rh8# 0-1

[Event "23.Schlosspark-Open"]
[Site "Wiesbaden"]
[Date "2011.08.25"]
[Round "1.55"]
[White "Schupp, Tobias"]
[Black "Puzzo, Peter"]
[Result "1-0"]
[WhiteElo "2041"]
[BlackElo "1471"]
[PlyCount "55"]
[EventDate "2011.??.??"]
[WhiteTeam "SK Niederbrechen 1948"]
[BlackTeam "Sfr. Frankfurt 1921"]

1. Nf3 d5 2. g3 Nf6 3. Bg2 e6 4. c4 c6 5. b3 Be7 6. Bb2 Nbd7 7. O-O O-O 8. d4
Re8 9. Nbd2 Bd6 10. Ne5 Nf8 11. Qc2 N6d7 12. e4 Bxe5 13. dxe5 d4 14. Bxd4 c5
15. Bc3 Ng6 16. f4 h5 17. Nf3 h4 18. Rad1 hxg3 19. hxg3 Qc7 20. Ng5 Ndf8 21.
Qe2 Re7 22. Qh5 Bd7 23. Kf2 Rd8 24. Rh1 Bc8 25. Rxd8 Qxd8 26. Nh7 Qd3 27. Nxf8
Kxf8 28. Qh8+ 1-0

[Event "23.Schlosspark-Open"]
[Site "Wiesbaden"]
[Date "2011.08.25"]
[Round "1.56"]
[White "Bratmann, Marc"]
[Black "Tuchtfeld, Jürgen"]
[Result "0-1"]
[WhiteElo "1455"]
[BlackElo "2038"]
[PlyCount "76"]
[EventDate "2011.??.??"]
[WhiteTeam "SAbt TuS Dotzheim"]
[BlackTeam "SK Ebringen"]

1. e4 c6 2. d4 d5 3. exd5 cxd5 4. Nf3 Nc6 5. Be2 Bg4 6. Be3 Qb6 7. Nc3 Bxf3 8.
Bxf3 e6 9. Rb1 Bb4 10. Qd3 Nge7 11. O-O O-O 12. Ne2 Nf5 13. c3 Bd6 14. Bf4 Qc7
15. Bxd6 Nxd6 16. Rfe1 b5 17. b3 Rfc8 18. Nf4 Ne7 19. Rbc1 a5 20. Qc2 Nef5 21.
Re2 Qb6 22. Qd1 b4 23. Rec2 bxc3 24. Rxc3 Nxd4 25. Nd3 Rxc3 26. Rxc3 Rc8 27.
Rxc8+ Nxc8 28. Qc1 Qc6 29. Qb2 Nxf3+ 30. gxf3 f6 31. h4 Ne7 32. Kg2 Nf5 33. Kh3
e5 34. Kg4 Nd4 35. Kg3 Qc8 36. Qd2 Qf5 37. Qe3 Qh5 38. Kg2 Qxh4 0-1

[Event "23.Schlosspark-Open"]
[Site "Wiesbaden"]
[Date "2011.08.25"]
[Round "1.57"]
[White "Krzesinski, Paul"]
[Black "Urban, Thomas"]
[Result "1-0"]
[WhiteElo "1832"]
[BlackElo "1442"]
[PlyCount "41"]
[EventDate "2011.??.??"]
[WhiteTeam "Frankfurter TV 1860"]
[BlackTeam "vereinslos"]

1. e4 d5 2. exd5 Nf6 3. Nf3 Nxd5 4. d4 Bg4 5. h3 Bxf3 6. Qxf3 e6 7. Be2 Nc6 8.
c3 Be7 9. Bb5 Qd7 10. O-O O-O 11. Nd2 a6 12. Ba4 b5 13. Bc2 f5 14. Re1 Rf6 15.
Nf1 h6 16. Ng3 Rg6 17. Nh5 Bg5 18. Re2 Re8 19. Bxg5 Rxg5 20. Rae1 g6 21. Qxd5
1-0

[Event "23.Schlosspark-Open"]
[Site "Wiesbaden"]
[Date "2011.08.25"]
[Round "1.58"]
[White "Memmeler, Björn"]
[Black "Partzsch, Lukas"]
[Result "0-1"]
[WhiteElo "1427"]
[BlackElo "2034"]
[PlyCount "62"]
[EventDate "2011.??.??"]
[WhiteTeam "Wiesbadener SV 1885"]
[BlackTeam "SC Matt im Park Ffm"]

1. d4 Nf6 2. c4 d6 3. Nc3 e5 4. dxe5 dxe5 5. Qxd8+ Kxd8 6. Bg5 c6 7. e3 Kc7 8.
a3 Be6 9. Nf3 Nfd7 10. e4 f6 11. Be3 a5 12. Be2 Bc5 13. Bxc5 Nxc5 14. Nd2 Bf7
15. O-O Ne6 16. Rfd1 Nd4 17. Bf1 Na6 18. Na4 b6 19. Rac1 Rhd8 20. f3 Rd7 21. c5
Nxc5 22. Nxc5 bxc5 23. Kf2 Rad8 24. Be2 Rb8 25. Rxc5 Nxe2 26. Kxe2 Rxb2 27. Ke3
Bb3 28. Nc4 Bxc4 29. Rxd7+ Kxd7 30. Rxc4 Rb3+ 31. Kd2 Rxa3 0-1

[Event "23.Schlosspark-Open"]
[Site "Wiesbaden"]
[Date "2011.08.25"]
[Round "1.59"]
[White "Seidel, Jürgen"]
[Black "Kümmel, Werner"]
[Result "1-0"]
[WhiteElo "2033"]
[BlackElo "1310"]
[PlyCount "55"]
[EventDate "2011.??.??"]
[WhiteTeam "SV 1920 Hofheim"]
[BlackTeam "SC Bad Soden"]

1. f4 Nc6 2. Nf3 b6 3. e4 d6 4. d4 e6 5. c4 Nf6 6. Nc3 Be7 7. Be2 O-O 8. Be3
Ng4 9. Bg1 f5 10. e5 dxe5 11. fxe5 Bb7 12. Qd2 Qe8 13. h3 Nh6 14. O-O-O Rd8 15.
Qf4 Nf7 16. h4 Nh6 17. Ng5 Bc8 18. Bf3 Nb8 19. Kb1 c6 20. Be3 Nf7 21. Rdg1 h6
22. Bh5 hxg5 23. hxg5 Qd7 24. Bg6 Rfe8 25. Qh2 Bb4 26. Bxf7+ Kxf7 27. g6+ Kxg6
28. Qh5# 1-0